[Event "GER-ch53 V07 email"]
[Site "GER email"]
[Date "2021.04.21"]
[Round "?"]
[White "Bekemann, Uwe"]
[Black "Tropf, Peter"]
[Result "1/2-1/2"]
[WhiteElo "2072"]
[BlackElo "2087"]
[PlyCount "59"]
[EventDate "2021.04.21"]
[EventType "tourn (corr)"]
[EventRounds "10"]
[EventCountry "GER"]
[SourceTitle "Corr 2024"]
[Source "ChessBase"]
[SourceDate "2023.10.19"]
[SourceVersion "1"]
[SourceVersionDate "2023.10.19"]
[SourceQuality "1"]

1. e4 e5 2. Nf3 Nf6 3. Nxe5 d6 4. Nf3 Nxe4 5. d4 d5 6. Bd3 Bd6 7. 0-0 0-0 8. c4 c6 9. Re1 Bf5 10. Qb3 Qd7 11. Nc3 Nxc3 12. Bxf5 Qxf5 13. bxc3 b6 14. cxd5 cxd5 15. Qb5 Qd7 16. Rb1 Rd8 17. a4 Qxb5 18. Rxb5 Na6 19. Bd2 Nc7 20. Rb2 Re8 21. Ra1 Re6 22. h4 h6 23. g3 Ne8 24. a5 Bc7 25. axb6 Rxb6 26. Rxb6 Bxb6 27. Ne5 a5 28. Ng4 a4 29. Ne3 Nf6 30. Kg2 1/2-1/2

[Event "GER-ch53 V07 email"]
[Site "GER email"]
[Date "2021.04.21"]
[Round "?"]
[White "Tropf, Peter"]
[Black "Berg, Juergen"]
[Result "1/2-1/2"]
[WhiteElo "2087"]
[BlackElo "2125"]
[PlyCount "60"]
[EventDate "2021.04.21"]
[EventType "tourn (corr)"]
[EventRounds "10"]
[EventCountry "GER"]
[SourceTitle "Corr 2024"]
[Source "ChessBase"]
[SourceDate "2023.10.19"]
[SourceVersion "1"]
[SourceVersionDate "2023.10.19"]
[SourceQuality "1"]

1. Nf3 d5 2. c4 d4 3. b4 c5 4. e3 Nf6 5. b5 Qc7 6. g3 e5 7. d3 Bd6 8. a4 0-0 9. Bg2 Re8 10. 0-0 h6 11. a5 a6 12. Nbd2 axb5 13. cxb5 Be6 14. Qa4 Qd8 15. Nc4 Bxc4 16. dxc4 e4 17. Nd2 Nbd7 18. Bb2 dxe3 19. fxe3 Bc7 20. Rad1 Qe7 21. Qc2 Bxa5 22. Nxe4 Nxe4 23. Bxe4 Qxe4 24. Qxe4 Rxe4 25. Rxd7 f6 26. Rxb7 Rxc4 27. Rd1 Rc2 28. Rdd7 Rxb2 29. Rxg7+ Kh8 30. Rh7+ Kg8 1/2-1/2

[Event "GER-ch53 V07 email"]
[Site "GER email"]
[Date "2021.04.21"]
[Round "?"]
[White "Tropf, Peter"]
[Black "Lukas, Norbert"]
[Result "1/2-1/2"]
[WhiteElo "2087"]
[BlackElo "2093"]
[PlyCount "46"]
[EventDate "2021.04.21"]
[EventType "tourn (corr)"]
[EventRounds "10"]
[EventCountry "GER"]
[SourceTitle "Corr 2024"]
[Source "ChessBase"]
[SourceDate "2023.10.19"]
[SourceVersion "1"]
[SourceVersionDate "2023.10.19"]
[SourceQuality "1"]

1. Nf3 d5 2. c4 d4 3. b4 f6 4. e3 e5 5. c5 a5 6. Qa4+ Bd7 7. b5 Bxc5 8. Bc4 Ne7 9. exd4 exd4 10. Ba3 Bxa3 11. Qxa3 c6 12. Nxd4 cxb5 13. Nxb5 Bxb5 14. Bxb5+ Nbc6 15. 0-0 0-0 16. Nc3 Kh8 17. Rfe1 Nf5 18. Bxc6 bxc6 19. Rad1 Qb6 20. Rb1 Qa7 21. Ne2 Qd7 22. Nf4 Qxd2 23. g3 Rfe8 1/2-1/2

[Event "GER Cup Net Final-C U1600"]
[Site "Playchess.com INT"]
[Date "2020.06.06"]
[Round "10"]
[White "Radeke, Rico"]
[Black "Tropf, Peter"]
[Result "1-0"]
[WhiteElo "1492"]
[BlackElo "1147"]
[PlyCount "141"]
[EventDate "2020.06.06"]
[EventType "swiss (blitz)"]
[EventRounds "13"]
[EventCountry "GER"]
[SourceTitle "CBM 197 Extra"]
[Source "ChessBase"]
[SourceDate "2020.09.30"]
[SourceVersion "1"]
[SourceVersionDate "2020.09.30"]
[SourceQuality "1"]

1. d4 d5 2. c4 c6 3. e3 Nf6 4. Nc3 dxc4 5. Bxc4 Bf5 6. Nf3 e6 7. 0-0 Be7 8. a3 0-0 9. b4 Nbd7 10. Bb2 a6 11. Bd3 b5 12. Bxf5 exf5 13. Qc2 g6 14. Rad1 Qc7 15. Rc1 Bd6 16. g3 Nh5 17. Ne2 Ndf6 18. Qxc6 Qb8 19. Qc2 Ne4 20. Qd3 Nhf6 21. Nc3 h5 22. Nd2 h4 23. Ndxe4 fxe4 24. Nxe4 hxg3 25. Nxf6+ Kg7 26. Nh5+ gxh5 27. d5+ Kg8 28. Qd4 gxh2+ 29. Kh1 f6 30. Qh4 Kf7 31. Qxh5+ Ke7 32. Qh7+ Rf7 33. Qe4+ Be5 34. Bxe5 fxe5 35. Rc6 Qg8 36. Qh4+ Kf8 37. Rfc1 Rd8 38. Qh6+ Rg7 39. Rf6+ Ke8 40. Re6+ Kf8 41. Rc7 Rxd5 42. Rxg7 Qxg7 43. Qxg7+ Kxg7 44. Rxa6 Rd1+ 45. Kxh2 Rd2 46. Kg2 Rd3 47. Rb6 Rd5 48. Kf3 Kf7 49. Ke4 Rd2 50. Rxb5 Rxf2 51. Rxe5 Kf6 52. Ra5 Ra2 53. b5 Rb2 54. Ra6+ Ke7 55. b6 Kd8 56. a4 Kc8 57. a5 Kb7 58. Ra7+ Kb8 59. Kd5 Rb5+ 60. Kc6 Re5 61. a6 Re6+ 62. Kd7 Rxe3 63. Rb7+ Ka8 64. Rc7 Rd3+ 65. Kc8 Ra3 66. b7+ Ka7 67. b8Q+ Kxa6 68. Qa7+ Kb5 69. Qxa3 Kb6 70. Qc5+ Ka6 71. Ra7# 1-0

[Event "GER Cup Net Final-C U1600"]
[Site "Playchess.com INT"]
[Date "2020.06.06"]
[Round "12"]
[White "Tropf, Peter"]
[Black "Haase, Alexander"]
[Result "0-1"]
[WhiteElo "1147"]
[BlackElo "1363"]
[PlyCount "138"]
[EventDate "2020.06.06"]
[EventType "swiss (blitz)"]
[EventRounds "13"]
[EventCountry "GER"]
[SourceTitle "CBM 197 Extra"]
[Source "ChessBase"]
[SourceDate "2020.09.30"]
[SourceVersion "1"]
[SourceVersionDate "2020.09.30"]
[SourceQuality "1"]

1. d4 d5 2. Nf3 Nc6 3. e3 Bf5 4. c4 dxc4 5. Bxc4 Nf6 6. 0-0 e6 7. Ne5 Nxe5 8. dxe5 Nd7 9. Re1 Nxe5 10. Bb3 Bb4 11. Nc3 Nd3 12. Ba4+ c6 13. Re2 Nc5 14. Rd2 Qe7 15. e4 Nxe4 16. Nxe4 Bxd2 17. Nxd2 Bg6 18. Nf3 Rd8 19. Bd2 Bh5 20. Qe2 Bxf3 21. gxf3 0-0 22. Bc3 Qd7 23. Kh1 b5 24. Bc2 Qc7 25. Rg1 Rd7 26. Rxg7+ Kh8 27. Rxf7+ Kg8 28. Rxf8+ Kxf8 29. Qxe6 Re7 30. Qh6+ Ke8 31. Bg6+ Kd8 32. Qd2+ Rd7 33. Bh5 Rxd2 34. Bxd2 Qd7 35. Bg5+ Kc7 36. Bf4+ Kb6 37. Bg4 Qd1+ 38. Kg2 Qc2 39. Be3+ Ka6 40. h4 Qxb2 41. h5 Qxa2 42. Bf5 b4 43. Bxh7 b3 44. Bd3+ Kb7 45. h6 b2 46. h7 b1Q 47. h8Q Qxd3 48. Qg7+ Ka6 49. Qd4 Qxd4 50. Bxd4 Qd2 51. Be3 Qd3 52. f4 c5 53. f5 Qxf5 54. f3 c4 55. Bd2 Qd3 56. Kf2 c3 57. Bxc3 Qxc3 58. Kg3 Qg7+ 59. Kf2 Kb5 60. Ke3 Kc4 61. Ke2 Qe5+ 62. Kf2 Qf4 63. Kg2 Kd3 64. Kf2 Qe3+ 65. Kg2 Ke2 66. Kg3 Qxf3+ 67. Kh4 Qg2 68. Kh5 Kf3 69. Kh4 Qg4# 0-1

[Event "GER Cup Net Final-C U1600"]
[Site "Playchess.com INT"]
[Date "2020.06.06"]
[Round "8"]
[White "Tropf, Peter"]
[Black "Schell, Andreas"]
[Result "0-1"]
[WhiteElo "1147"]
[BlackElo "1502"]
[PlyCount "68"]
[EventDate "2020.06.06"]
[EventType "swiss (blitz)"]
[EventRounds "13"]
[EventCountry "GER"]
[SourceTitle "CBM 197 Extra"]
[Source "ChessBase"]
[SourceDate "2020.09.30"]
[SourceVersion "1"]
[SourceVersionDate "2020.09.30"]
[SourceQuality "1"]

1. d4 d5 2. Nf3 g6 3. e3 Bg7 4. c4 e6 5. b4 Ne7 6. c5 c6 7. Nc3 b6 8. a4 bxc5 9. bxc5 Nd7 10. Ba3 0-0 11. Bd3 a5 12. 0-0 Ba6 13. Qe2 Bxd3 14. Qxd3 Nf5 15. Ne5 Nxe5 16. dxe5 Bxe5 17. f4 Bg7 18. g4 Ne7 19. Rf2 Qc7 20. Raf1 Rab8 21. Bc1 Rb3 22. Qc2 Rxc3 23. Qd2 Rb3 24. h4 Rb4 25. Ba3 Rc4 26. Bb2 Rxa4 27. Bxg7 Kxg7 28. Qb2+ Kg8 29. f5 exf5 30. gxf5 Rg4+ 31. Rg2 Rxg2+ 32. Qxg2 Nxf5 33. h5 Nxe3 34. Qg5 Nxf1 0-1

[Event "GER Cup Net Final-C U1600"]
[Site "Playchess.com INT"]
[Date "2020.06.06"]
[Round "4"]
[White "Tropf, Peter"]
[Black "Staubus, Noah"]
[Result "0-1"]
[WhiteElo "1147"]
[BlackElo "1457"]
[PlyCount "60"]
[EventDate "2020.06.06"]
[EventType "swiss (blitz)"]
[EventRounds "13"]
[EventCountry "GER"]
[SourceTitle "CBM 197 Extra"]
[Source "ChessBase"]
[SourceDate "2020.09.30"]
[SourceVersion "1"]
[SourceVersionDate "2020.09.30"]
[SourceQuality "1"]

1. d4 d5 2. Nf3 Bf5 3. e3 Nc6 4. c4 e6 5. Nc3 Nb4 6. e4 dxe4 7. Nd2 e3 8. fxe3 Nc2+ 9. Ke2 Nxa1 10. e4 Bg4+ 11. Nf3 Bb4 12. Bg5 Bxf3+ 13. gxf3 Qxg5 14. Qa4+ c6 15. Qxb4 Nc2 16. Qxb7 Qe3+ 17. Kd1 Qxf3+ 18. Be2 Qxh1+ 19. Kxc2 Rd8 20. Qxc6+ Kf8 21. Qc5+ Ne7 22. Nb5 g6 23. Nd6 Kg7 24. d5 Qg2 25. Qd4+ Kg8 26. Kd3 Rxd6 27. Qxa7 Qh3+ 28. Kd4 Nc6+ 29. Kc5 Nxa7 30. Kxd6 Qxh2+ 0-1

[Event "GER Cup Net V4 U1600"]
[Site "Playchess.com INT"]
[Date "2020.05.31"]
[Round "6"]
[White "Fliegner, Thomas"]
[Black "Tropf, Peter"]
[Result "1-0"]
[WhiteElo "1211"]
[BlackElo "1144"]
[PlyCount "85"]
[EventDate "2020.05.31"]
[EventType "swiss (blitz)"]
[EventRounds "9"]
[EventCountry "GER"]
[SourceTitle "EXT 2021"]
[Source "ChessBase"]
[SourceDate "2020.10.23"]
[SourceVersion "1"]
[SourceVersionDate "2020.10.23"]
[SourceQuality "1"]

1. e4 e5 2. Nf3 Nf6 3. Nc3 Bc5 4. Be2 0-0 5. 0-0 d6 6. d3 Bg4 7. Bg5 h6 8. Bh4 g5 9. Bg3 Nc6 10. Qd2 Nd4 11. Na4 Nxf3+ 12. Bxf3 Bxf3 13. gxf3 Bd4 14. c3 Bb6 15. Nxb6 axb6 16. a3 Ra5 17. h4 Nh5 18. hxg5 Qxg5 19. Qxg5+ hxg5 20. Kg2 f6 21. Rh1 Nf4+ 22. Bxf4 exf4 23. Rh6 Kg7 24. Rah1 Rb5 25. Rh7+ Kg6 26. Rxc7 Rxb2 27. Rxb7 Rb3 28. Rc1 Rxa3 29. Rxb6 Rc8 30. c4 Rxd3 31. Kh3 Kh5 32. Kg2 Kg6 33. c5 dxc5 34. Rb5 c4 35. Rb4 c3 36. Rb3 c2 37. Rxd3 f5 38. exf5+ Kxf5 39. Rd2 Rh8 40. Rdxc2 Rh4 41. Rc5+ Kg6 42. Rc6+ Kh5 43. R1c5 1-0

[Event "GER Cup Net V4 U1600"]
[Site "Playchess.com INT"]
[Date "2020.05.31"]
[Round "7"]
[White "Schmidt, Thurid"]
[Black "Tropf, Peter"]
[Result "1-0"]
[WhiteElo "1121"]
[BlackElo "1130"]
[PlyCount "55"]
[EventDate "2020.05.31"]
[EventType "swiss (blitz)"]
[EventRounds "9"]
[EventCountry "GER"]
[SourceTitle "EXT 2021"]
[Source "ChessBase"]
[SourceDate "2020.10.23"]
[SourceVersion "1"]
[SourceVersionDate "2020.10.23"]
[SourceQuality "1"]

1. f4 Nf6 2. e3 c6 3. Nf3 d5 4. Be2 Nbd7 5. 0-0 e6 6. b3 Bd6 7. Bb2 0-0 8. d3 b6 9. Nbd2 c5 10. c4 d4 11. exd4 cxd4 12. Nxd4 Bc5 13. Kh1 Bb7 14. Bf3 Qc7 15. Bxb7 Qxb7 16. N4f3 Bd6 17. Nh4 g6 18. Ndf3 Bxf4 19. g3 Bc7 20. Kg1 Ng4 21. Qd2 Ndf6 22. Ng5 Rad8 23. Rxf6 Nxf6 24. Bxf6 Rd7 25. Nh3 b5 26. Qh6 Qb6+ 27. Kh1 Qc6+ 28. Ng2 1-0

[Event "GER Cup Net V4 U1600"]
[Site "Playchess.com INT"]
[Date "2020.05.31"]
[Round "3"]
[White "Tropf, Peter"]
[Black "Dorendorf, Mika"]
[Result "0-1"]
[WhiteElo "1153"]
[BlackElo "1532"]
[PlyCount "68"]
[EventDate "2020.05.31"]
[EventType "swiss (blitz)"]
[EventRounds "9"]
[EventCountry "GER"]
[SourceTitle "EXT 2021"]
[Source "ChessBase"]
[SourceDate "2020.10.23"]
[SourceVersion "1"]
[SourceVersionDate "2020.10.23"]
[SourceQuality "1"]

1. d4 d5 2. Nf3 Nf6 3. e3 b6 4. Bd3 Bb7 5. c3 e6 6. 0-0 c5 7. Nbd2 Nbd7 8. Qe2 Bd6 9. Re1 0-0 10. e4 dxe4 11. Nxe4 Nxe4 12. Bxe4 Bxe4 13. Qxe4 Nf6 14. Qh4 cxd4 15. cxd4 Be7 16. Bg5 Nd5 17. Re5 Bxg5 18. Nxg5 h6 19. Nf3 Qxh4 20. Nxh4 Rad8 21. b3 Nc3 22. a4 Rxd4 23. g3 Rfd8 24. Nf3 Rd1+ 25. Rxd1 Rxd1+ 26. Kg2 Rd5 27. Rxd5 Nxd5 28. Ne5 f6 29. Nd7 Kf7 30. f4 Ke7 31. Nb8 Nb4 32. Kf3 Kd6 33. Ke4 Kc7 34. Na6+ Nxa6 0-1

[Event "GER Cup Net V3 U1600"]
[Site "Playchess.com INT"]
[Date "2020.05.27"]
[Round "6"]
[White "Tropf, Peter"]
[Black "Dohm Acker, Erwin"]
[Result "0-1"]
[WhiteElo "1173"]
[BlackElo "1299"]
[PlyCount "68"]
[EventDate "2020.05.27"]
[EventType "swiss (blitz)"]
[EventRounds "9"]
[EventCountry "GER"]
[SourceTitle "EXT 2021"]
[Source "ChessBase"]
[SourceDate "2020.10.23"]
[SourceVersion "1"]
[SourceVersionDate "2020.10.23"]
[SourceQuality "1"]

1. d4 Nf6 2. Nf3 e6 3. e3 c5 4. c3 d5 5. b3 Be7 6. Bd3 0-0 7. 0-0 cxd4 8. cxd4 Bd7 9. Nbd2 a5 10. Qe2 Nc6 11. e4 dxe4 12. Nxe4 Nb4 13. Nxf6+ Bxf6 14. Bb1 Bc6 15. a3 Nd5 16. Qd3 g6 17. h4 Bxh4 18. g3 Bf6 19. Kg2 Ne7 20. Rh1 Nf5 21. Bh6 Bxf3+ 22. Kxf3 Nxd4+ 23. Kg2 Qd5+ 24. Kh2 Nf3+ 25. Kh3 Ng5+ 26. Kh2 Rad8 27. Qxd5 Rxd5 28. Bxf8 Kxf8 29. Bc2 Bxa1 30. Rxa1 Rd2 31. Rc1 Rxf2+ 32. Kg1 Rd2 33. a4 Nf3+ 34. Kh1 Rh2# 0-1

[Event "GER Cup Net V3 U1600"]
[Site "Playchess.com INT"]
[Date "2020.05.27"]
[Round "8"]
[White "Tropf, Peter"]
[Black "Schmidt, Thurid"]
[Result "1-0"]
[WhiteElo "1149"]
[BlackElo "1163"]
[PlyCount "41"]
[EventDate "2020.05.27"]
[EventType "swiss (blitz)"]
[EventRounds "9"]
[EventCountry "GER"]
[SourceTitle "EXT 2021"]
[Source "ChessBase"]
[SourceDate "2020.10.23"]
[SourceVersion "1"]
[SourceVersionDate "2020.10.23"]
[SourceQuality "1"]

1. d4 d5 2. Nf3 Nf6 3. e3 Nc6 4. Bd3 e6 5. c3 Be7 6. Nbd2 0-0 7. 0-0 Bd6 8. Qe2 e5 9. dxe5 Nxe5 10. Nxe5 Bxe5 11. f4 Bd6 12. e4 Bg4 13. Nf3 Nh5 14. h3 Bxh3 15. e5 Ng3 16. Qe1 Bc5+ 17. Kh2 Bg4 18. Qxg3 Qd7 19. Ng5 h6 20. Qh4 hxg5 21. Qh7# 1-0

[Event "GER Cup Net V2 U1600"]
[Site "Playchess.com INT"]
[Date "2020.05.22"]
[Round "5"]
[White "Schenk, Quentin Alexander"]
[Black "Tropf, Peter"]
[Result "1-0"]
[WhiteElo "1201"]
[BlackElo "1225"]
[PlyCount "109"]
[EventDate "2020.05.22"]
[EventType "swiss (blitz)"]
[EventRounds "9"]
[EventCountry "GER"]
[SourceTitle "EXT 2021"]
[Source "ChessBase"]
[SourceDate "2020.10.23"]
[SourceVersion "1"]
[SourceVersionDate "2020.10.23"]
[SourceQuality "1"]

1. e4 e5 2. f4 exf4 3. Nf3 d5 4. exd5 Bc5 5. Qe2+ Qe7 6. Qxe7+ Nxe7 7. Nc3 Bg4 8. Be2 0-0 9. b3 g5 10. Bb2 f5 11. 0-0-0 a5 12. a3 Bh5 13. Kb1 g4 14. Ng1 f3 15. gxf3 gxf3 16. Bxf3 Bxf3 17. Nxf3 f4 18. Ne4 Nxd5 19. Nxc5 b6 20. Rhg1+ Kf7 21. Ne5+ Ke7 22. Rg7+ Kd8 23. Nb7+ Kc8 24. Nc4 Kxb7 25. Rxh7 f3 26. Nd6+ Kc6 27. Rh6 cxd6 28. Be5 Nd7 29. Bxd6 Kb7 30. Bxf8 Rxf8 31. c4 Ne7 32. Rh7 Re8 33. Re1 Nc5 34. b4 Nb3 35. Rexe7+ Rxe7 36. Rxe7+ Kc6 37. Re6+ Kd7 38. Rf6 Nxd2+ 39. Kc2 Nxc4 40. Rxf3 axb4 41. h4 Nxa3+ 42. Kb3 Nb5 43. Rd3+ Nd6 44. h5 Ke6 45. h6 Nf7 46. h7 Kf6 47. Rh3 Kg7 48. Kxb4 Ng5 49. Rh1 Nxh7 50. Kb5 Nf6 51. Kxb6 Nd7+ 52. Kc7 Kf6 53. Rf1+ Ke7 54. Re1+ Kf8 55. Kxd7 1-0

[Event "GER Cup Net V2 U1600"]
[Site "Playchess.com INT"]
[Date "2020.05.22"]
[Round "2"]
[White "Tropf, Peter"]
[Black "Uhl, Patrick"]
[Result "0-1"]
[WhiteElo "1259"]
[BlackElo "1432"]
[PlyCount "35"]
[EventDate "2020.05.22"]
[EventType "swiss (blitz)"]
[EventRounds "9"]
[EventCountry "GER"]
[SourceTitle "EXT 2021"]
[Source "ChessBase"]
[SourceDate "2020.10.23"]
[SourceVersion "1"]
[SourceVersionDate "2020.10.23"]
[SourceQuality "1"]

1. d4 c5 2. Nf3 cxd4 3. Nxd4 Nc6 4. e3 g6 5. Bc4 Bg7 6. Nc3 Nf6 7. 0-0 0-0 8. Qe2 a6 9. a3 b5 10. Ba2 Bb7 11. b4 Rc8 12. Bb2 Nxd4 13. exd4 e6 14. Rad1 Nd5 15. Nxd5 exd5 16. f4 Re8 17. Qf3 Rxc2 18. Bc1 0-1

[Event "GER Cup Net V2 U1600"]
[Site "Playchess.com INT"]
[Date "2020.05.22"]
[Round "8"]
[White "Van der Valk, Reiner"]
[Black "Tropf, Peter"]
[Result "1-0"]
[WhiteElo "1285"]
[BlackElo "1213"]
[PlyCount "27"]
[EventDate "2020.05.22"]
[EventType "swiss (blitz)"]
[EventRounds "9"]
[EventCountry "GER"]
[SourceTitle "EXT 2021"]
[Source "ChessBase"]
[SourceDate "2020.10.23"]
[SourceVersion "1"]
[SourceVersionDate "2020.10.23"]
[SourceQuality "1"]

1. e4 e5 2. Nf3 Nf6 3. Nc3 Nc6 4. Bc4 Nxe4 5. Nxe4 d5 6. Bxd5 Qxd5 7. Nc3 Qd8 8. d3 Bb4 9. Bd2 0-0 10. 0-0 f6 11. Ne4 Nd4 12. Bxb4 Nxf3+ 13. Qxf3 f5 14. Bxf8 1-0

[Event "GER Cup Net V1 U1600"]
[Site "Playchess.com INT"]
[Date "2020.05.19"]
[Round "2"]
[White "Fleischmann, Theo"]
[Black "Tropf, Peter"]
[Result "1-0"]
[WhiteElo "1498"]
[BlackElo "1240"]
[PlyCount "51"]
[EventDate "2020.05.19"]
[EventType "swiss (blitz)"]
[EventRounds "9"]
[EventCountry "GER"]
[SourceTitle "EXT 2021"]
[Source "ChessBase"]
[SourceDate "2020.10.23"]
[SourceVersion "1"]
[SourceVersionDate "2020.10.23"]
[SourceQuality "1"]

1. d4 d5 2. c4 c6 3. Nf3 Nf6 4. e3 dxc4 5. Bxc4 Bg4 6. Be2 e6 7. 0-0 Bd6 8. Nc3 0-0 9. b3 Qc7 10. g3 Nbd7 11. Bb2 Rfe8 12. Rc1 e5 13. dxe5 Nxe5 14. Nxe5 Bxe2 15. Qxe2 Bxe5 16. Rfd1 a6 17. Rc2 h5 18. Qf3 Ng4 19. Nd5 Qd6 20. Bxe5 Qxe5 21. Nb6 Rad8 22. Nc4 Rxd1+ 23. Qxd1 Qe4 24. Rd2 h4 25. Nd6 Qf3 26. Qxf3 1-0

[Event "GER Cup Net V1 U1600"]
[Site "Playchess.com INT"]
[Date "2020.05.19"]
[Round "4"]
[White "Heidrich, Detlef"]
[Black "Tropf, Peter"]
[Result "1-0"]
[WhiteElo "1491"]
[BlackElo "1240"]
[PlyCount "51"]
[EventDate "2020.05.19"]
[EventType "swiss (blitz)"]
[EventRounds "9"]
[EventCountry "GER"]
[SourceTitle "EXT 2021"]
[Source "ChessBase"]
[SourceDate "2020.10.23"]
[SourceVersion "1"]
[SourceVersionDate "2020.10.23"]
[SourceQuality "1"]

1. d4 d5 2. Nf3 c6 3. h3 Nf6 4. Bf4 Nbd7 5. Nc3 e6 6. a3 Be7 7. e3 0-0 8. Bd3 h6 9. 0-0 Nh5 10. Bh2 f5 11. Ne5 Nxe5 12. dxe5 Bd7 13. Qxh5 Bg5 14. Ne2 Be8 15. Qf3 g6 16. Bf4 h5 17. Bxg5 Qxg5 18. Nf4 Bf7 19. c4 dxc4 20. Bxc4 Rae8 21. Rad1 b5 22. Ba2 a5 23. Qxc6 Rc8 24. Qxb5 Rc2 25. Bxe6 Bxe6 26. Nxe6 1-0

[Event "GER Cup Net V1 U1600"]
[Site "Playchess.com INT"]
[Date "2020.05.19"]
[Round "7"]
[White "Tropf, Peter"]
[Black "Hausmann, Ulrich"]
[Result "0-1"]
[WhiteElo "1240"]
[BlackElo "1520"]
[PlyCount "34"]
[EventDate "2020.05.19"]
[EventType "swiss (blitz)"]
[EventRounds "9"]
[EventCountry "GER"]
[SourceTitle "EXT 2021"]
[Source "ChessBase"]
[SourceDate "2020.10.23"]
[SourceVersion "1"]
[SourceVersionDate "2020.10.23"]
[SourceQuality "1"]

1. d4 d6 2. Nf3 e6 3. e3 Bd7 4. Bd3 Nc6 5. c3 e5 6. dxe5 dxe5 7. e4 Nf6 8. Nbd2 Bd6 9. 0-0 Qc8 10. Qe2 Ng4 11. h3 Nf6 12. Ng5 h6 13. Ngf3 Bxh3 14. gxh3 Qxh3 15. Nh2 h5 16. Ndf3 Ng4 17. Ng5 Qxh2# 0-1

[Event "GER Cup Net V1 U1600"]
[Site "Playchess.com INT"]
[Date "2020.05.19"]
[Round "3"]
[White "Tropf, Peter"]
[Black "Heutling, Thomas"]
[Result "1-0"]
[WhiteElo "1240"]
[BlackElo "1446"]
[PlyCount "77"]
[EventDate "2020.05.19"]
[EventType "swiss (blitz)"]
[EventRounds "9"]
[EventCountry "GER"]
[SourceTitle "EXT 2021"]
[Source "ChessBase"]
[SourceDate "2020.10.23"]
[SourceVersion "1"]
[SourceVersionDate "2020.10.23"]
[SourceQuality "1"]

1. d4 d6 2. Nf3 Nf6 3. e3 Nbd7 4. Bd3 e5 5. dxe5 dxe5 6. e4 c6 7. 0-0 Be7 8. Nbd2 Qc7 9. c3 Nf8 10. Ng5 h6 11. Ngf3 g5 12. h3 Ng6 13. Qb3 g4 14. hxg4 Bxg4 15. Bc4 0-0 16. Nh2 Bh5 17. Ndf3 Bxf3 18. Nxf3 Nxe4 19. Bxh6 Nd6 20. Bxf8 Rxf8 21. Rfe1 Nxc4 22. Qxc4 Nf4 23. Qe4 Bd6 24. Ng5 Nh3+ 25. gxh3 f5 26. Qh4 Rf7 27. Nxf7 Qxf7 28. Qd8+ Kg7 29. Qg5+ Qg6 30. Qxg6+ Kxg6 31. Kg2 f4 32. Re4 Kf5 33. f3 c5 34. h4 b5 35. h5 Kg5 36. Rh1 a5 37. h6 b4 38. cxb4 cxb4 39. h7 1-0

[Event "GER Cup Net V1 U1600"]
[Site "Playchess.com INT"]
[Date "2020.05.19"]
[Round "8"]
[White "Winkler, Andreas1111"]
[Black "Tropf, Peter"]
[Result "1-0"]
[WhiteElo "1471"]
[BlackElo "1240"]
[PlyCount "107"]
[EventDate "2020.05.19"]
[EventType "swiss (blitz)"]
[EventRounds "9"]
[EventCountry "GER"]
[SourceTitle "EXT 2021"]
[Source "ChessBase"]
[SourceDate "2020.10.23"]
[SourceVersion "1"]
[SourceVersionDate "2020.10.23"]
[SourceQuality "1"]

1. e4 e5 2. Nf3 Nf6 3. Nxe5 d6 4. Nf3 Nxe4 5. Be2 Be7 6. 0-0 0-0 7. d4 d5 8. Bf4 Nc6 9. c3 Bg4 10. Ne5 Nxe5 11. Bxe5 Bxe2 12. Qxe2 f6 13. Bf4 Bd6 14. Bxd6 Qxd6 15. Nd2 Nxd2 16. Qxd2 Rfe8 17. Rae1 Rxe1 18. Rxe1 Kf7 19. Qe2 Qc6 20. Qh5+ Kg8 21. Re7 Rf8 22. Qf5 Qd6 23. Qe6+ Qxe6 24. Rxe6 c6 25. Re7 Rb8 26. f3 a5 27. Kf2 Kf8 28. Re2 b5 29. a3 b4 30. g3 bxc3 31. bxc3 Kf7 32. Rc2 Rb3 33. c4 dxc4 34. Rxc4 Rxa3 35. Rxc6 Ra2+ 36. Kg1 Ra1+ 37. Kg2 Ra2+ 38. Kh3 a4 39. d5 Ke7 40. Re6+ Kd7 41. Ra6 Rd2 42. Rxa4 Rxd5 43. Rh4 h6 44. f4 Ke6 45. Rg4 Kf7 46. Kg2 g5 47. fxg5 hxg5 48. Rc4 Kg6 49. h3 Rd2+ 50. Kf3 f5 51. Rc6+ Kh5 52. g4+ fxg4+ 53. hxg4+ Kh4 54. Rh6# 1-0

[Event "GER-ch52 V07 email"]
[Site "GER email"]
[Date "2020.04.16"]
[Round "?"]
[White "Boehnke, Hartmut"]
[Black "Tropf, Peter"]
[Result "1/2-1/2"]
[WhiteElo "2305"]
[BlackElo "2330"]
[PlyCount "69"]
[EventDate "2020.??.??"]
[EventType "tourn (corr)"]
[EventRounds "10"]
[EventCountry "GER"]
[SourceTitle "Corr 2022"]
[Source "ChessBase"]
[SourceDate "2021.10.24"]
[SourceVersion "1"]
[SourceVersionDate "2021.10.24"]
[SourceQuality "1"]

1. e4 e5 2. Nf3 Nf6 3. Nxe5 d6 4. Nf3 Nxe4 5. Nc3 Nxc3 6. dxc3 Be7 7. Be3 Nc6 8. Qd2 Be6 9. 0-0-0 Qd7 10. Kb1 Bf6 11. h4 0-0-0 12. Nd4 Nxd4 13. Bxd4 Be5 14. Qe3 Qa4 15. b3 Bxd4 16. Rxd4 Qc6 17. Kb2 Kb8 18. Bd3 d5 19. Qg5 g6 20. Be2 Qd6 21. Bf3 c6 22. h5 Qc7 23. Re1 Rd6 24. Qh6 c5 25. Rdd1 d4 26. hxg6 fxg6 27. Kb1 a6 28. cxd4 cxd4 29. Be2 Rc8 30. Bd3 a5 31. Qf4 Bd5 32. f3 a4 33. Rd2 Rcd8 34. Rdd1 Rc8 35. Re5 1/2-1/2

[Event "GER-ch Net Amateur Gr-C Vor3"]
[Site "Playchess.com INT"]
[Date "2020.04.16"]
[Round "8"]
[White "Rest, Philipp"]
[Black "Tropf, Peter"]
[Result "1-0"]
[WhiteElo "1331"]
[BlackElo "1214"]
[PlyCount "51"]
[EventDate "2020.04.16"]
[EventType "swiss (blitz)"]
[EventRounds "9"]
[EventCountry "GER"]
[SourceTitle "CBM 195 Extra"]
[Source "ChessBase"]
[SourceDate "2020.05.31"]
[SourceVersion "1"]
[SourceVersionDate "2020.05.31"]
[SourceQuality "1"]

1. c4 Nf6 2. g3 c6 3. Bg2 e5 4. Nf3 Bd6 5. 0-0 0-0 6. Nc3 Re8 7. d3 Bc7 8. e4 Bb6 9. b3 d6 10. a4 Bg4 11. b4 a6 12. h3 Bh5 13. Bg5 Nbd7 14. Qd2 a5 15. c5 dxc5 16. bxc5 Bxc5 17. Rab1 Qc7 18. g4 Bg6 19. Nh4 h5 20. Nf5 Bd4 21. Rbc1 Nf8 22. Bh6 Bxc3 23. Rxc3 Ne6 24. Bxg7 Nxg7 25. Qh6 hxg4 26. Qxg7# 1-0